Daddy isn't coming home / (Record no. 224)
[ view plain ]
| 000 -LEADER | |
|---|---|
| fixed length control field | 00727pam a2200241 a 4500 |
| 001 - CONTROL NUMBER | |
| control field | 7273265 |
| 003 - CONTROL NUMBER IDENTIFIER | |
| control field | OCoLC |
| 005 - DATE AND TIME OF LATEST TRANSACTION | |
| control field | 20180809165859.0 |
| 008 - FIXED-LENGTH DATA ELEMENTS--GENERAL INFORMATION | |
| fixed length control field | 810311s1981 miu j 000 1 eng |
| 010 ## - LIBRARY OF CONGRESS CONTROL NUMBER | |
| LC control number | 81005101 /AC |
| 020 ## - INTERNATIONAL STANDARD BOOK NUMBER | |
| International Standard Book Number | 0310439418 (pbk.) |
| 040 ## - CATALOGING SOURCE | |
| Original cataloging agency | DLC |
| Transcribing agency | DLC |
| 082 ## - DEWEY DECIMAL CLASSIFICATION NUMBER | |
| Classification number | 248.4 |
| Item number | N833D |
| 092 ## - LOCALLY ASSIGNED DEWEY CALL NUMBER (OCLC) | |
| Classification number | 813.69 |
| Item number | N833D |
| 100 1# - MAIN ENTRY--PERSONAL NAME | |
| Personal name | Nordtvedt, Matilda |
| 245 10 - TITLE STATEMENT | |
| Title | Daddy isn't coming home / |
| Statement of responsibility, etc. | Matilda Nordtvedt |
| 260 ## - PUBLICATION, DISTRIBUTION, ETC. | |
| Place of publication, distribution, etc. | Grand Rapids, Mich. : |
| Name of publisher, distributor, etc. | Zordervan Pub. House, |
| Date of publication, distribution, etc. | c1981 |
| 300 ## - PHYSICAL DESCRIPTION | |
| Extent | 96 p. ; |
| Dimensions | 20 cm |
| 490 1# - SERIES STATEMENT | |
| Series statement | Pathfinder novel ; |
| Volume/sequential designation | 13 |
| 520 ## - SUMMARY, ETC. | |
| Summary, etc. | Ten-year-old Fay learns to cope with her parents' divorce after she invites Jesus into her life |
| 830 #0 - SERIES ADDED ENTRY--UNIFORM TITLE | |
| Uniform title | Pathfinder novel ; |
| Volume/sequential designation | 13 |
| 942 ## - ADDED ENTRY ELEMENTS (KOHA) | |
| Source of classification or shelving scheme | Dewey Decimal Classification |
| Koha item type | Books |
| Withdrawn status | Lost status | Source of classification or shelving scheme | Damaged status | Not for loan | Collection code | Home library | Current library | Shelving location | Date acquired | Total Checkouts | Full call number | Barcode | Date last seen | Price effective from | Koha item type |
|---|---|---|---|---|---|---|---|---|---|---|---|---|---|---|---|
| Dewey Decimal Classification | Non-fiction | Harvest Mission College | Harvest Mission College | General Stacks | 09.08.2018 | 248.4 N833D | 002589 | 09.08.2018 | 09.08.2018 | Books |
